000 00320nam a22001457a 4500
008 210311b ||||| |||| 00| 0 eng d
020 _a9780072956153
041 _aeng
080 _a338
082 _a338
100 _a53
101 _aMEN
245 _aPrinciples of Advertising & IMC
_cDuncan,T
942 _2udc
_cBK
999 _c56290
_d56290